00480nam a2200193 a 4500001001300000003000900013005001700022008004100039020000800080082001300088100002200101245003000123260004300153300000900196500003500205505001000240650001400250700002200264nice12345678IN_TiNIC20260116011420.0050524s1930 lona grp 000 0 eng  ac000a133bBUD aBudge, E A Wallis aAmulets and Superstitions aLondonbOxford University Press c1930 a543p aincludes index and biblioraphy2 aindex aOccultism1 aBudge, E A Wallis